Central Library OPAC University of Rajshahi

Political development in Pakistan / (Record no. 36461)

MARC details
000 -LEADER
fixed length control field 00809cam a22002651 4500
001 - CONTROL NUMBER
control field 36461
003 - CONTROL NUMBER IDENTIFIER
rucl marc code BD-RjUL
005 - DATE AND TIME OF LATEST TRANSACTION
control field 20211209052505.0
008 - FIXED-LENGTH DATA ELEMENTS--GENERAL INFORMATION
fixed length control field 140624s1965 nju b 000 0 eng
035 ## - SYSTEM CONTROL NUMBER
System control number (BD-RjUL)36561
System control number (BD-RjUL)36561
040 ## - CATALOGING SOURCE
Original cataloging agency DLC
Transcribing agency ODaWU
Modifying agency OCoLC
-- BD-RjUL
-- BD-RjUL
Language of cataloging eng
041 ## - LANGUAGE CODE
Language code of text/sound track or separate title eng
082 ## - DEWEY DECIMAL CLASSIFICATION NUMBER
Classification number 320.9549
Author mark and year VOP 1965
100 1# - MAIN ENTRY--PERSONAL NAME
Personal name Von Vorys, Karl.
9 (RLIN) 111006
245 10 - TITLE STATEMENT
Title Political development in Pakistan /
260 ## - PUBLICATION, DISTRIBUTION, ETC. (IMPRINT)
Place of publication, distribution, etc. Princeton, N.J.,
Name of publisher, distributor, etc. Princeton University Press,
Date of publication, distribution, etc. 1965.
300 ## - PHYSICAL DESCRIPTION
Pagination xx, 341 p. ;
Size 23 cm.
500 ## - GENERAL NOTE
General note "Published for the Princeton Center of International Studies."
504 ## - BIBLIOGRAPHY, ETC. NOTE
Bibliography, etc Bibliographical footnotes.
651 #0 - SUBJECT ADDED ENTRY--GEOGRAPHIC NAME
Geographic name Pakistan
General subdivision Politics and government.
9 (RLIN) 111007
942 ## - ADDED ENTRY ELEMENTS (KOHA)
Source of classification or shelving scheme Dewey Decimal Classification
Koha item type Books
Holdings
Lost status Source of classification or shelving scheme Damaged status Not for loan Collection code Permanent Location Current Location Shelving location Date acquired Source of acquisition Total Checkouts Full call number Date last seen Copy number Koha item type Cost, normal purchase price Date checked out
  Dewey Decimal Classification     Non-fiction Central Library, University of Rajshahi Central Library, University of Rajshahi   21/01/1974 U.S.I.S   320.9549 VOP 1965 24/06/2014 C-3 Books    
  Dewey Decimal Classification     Non-fiction Central Library, University of Rajshahi Central Library, University of Rajshahi   02/03/1974 U.S.I.S   320.9549 VOP 1965 24/06/2014 C-2 Books    
  Dewey Decimal Classification     Non-fiction Central Library, University of Rajshahi Central Library, University of Rajshahi   20/01/1967 ROYAL   320.9549 VOP 1965 24/06/2014 C-9 Books 25.00  
  Dewey Decimal Classification     Non-fiction Central Library, University of Rajshahi Central Library, University of Rajshahi   20/01/1967 ROYAL 4 320.9549 VOP 1965 09/04/2018 C-5 Books 25.00 18/03/2018
  Dewey Decimal Classification     Non-fiction Central Library, University of Rajshahi Central Library, University of Rajshahi   21/01/1974 U.S. govt.   320.9549 VOP 1965 08/05/2016 C-4 Books 0.00  
  Dewey Decimal Classification     Non-fiction Central Library, University of Rajshahi Central Library, University of Rajshahi   20/01/1967 ROYAL   320.9549 VOP 1965 08/05/2016 C-6 Books 25.00  
  Dewey Decimal Classification     Non-fiction Central Library, University of Rajshahi Central Library, University of Rajshahi   20/01/1967 ROYAL   320.9549 VOP 1965 08/05/2016 C-7 Books 25.00  
  Dewey Decimal Classification     Non-fiction Central Library, University of Rajshahi Central Library, University of Rajshahi   20/01/1967 ROYAL   320.9549 VOP 1965 08/05/2016 C-8 Books 25.00  
  Dewey Decimal Classification   Not For Loan Non-fiction Central Library, University of Rajshahi Central Library, University of Rajshahi Reading Room 20/01/1967 ROYAL   320.9549 VOP 1965 08/05/2016 C-1 Books 25.00  
  Dewey Decimal Classification     Non-fiction Central Library, University of Rajshahi Central Library, University of Rajshahi   28/02/1967 ROYAL   320.9549 VOP 1965 10/05/2016 C-10 Books 25.00